|
|
|
|
| LEADER |
01675nam a2200397 a 4500 |
| 001 |
EBC893581 |
| 003 |
MiAaPQ |
| 005 |
20200520144314.0 |
| 006 |
m o d | |
| 007 |
cr cn||||||||| |
| 008 |
120808s2012 gw ab sb 001 0 eng d |
| 010 |
|
|
|z 2012031446
|
| 020 |
|
|
|z 9783110284669 (alk. paper)
|
| 020 |
|
|
|a 9783110275681 (electronic bk.)
|
| 035 |
|
|
|a (MiAaPQ)EBC893581
|
| 035 |
|
|
|a (Au-PeEL)EBL893581
|
| 035 |
|
|
|a (CaPaEBR)ebr10606472
|
| 035 |
|
|
|a (CaONFJC)MIL394057
|
| 035 |
|
|
|a (OCoLC)815970742
|
| 040 |
|
|
|a MiAaPQ
|c MiAaPQ
|d MiAaPQ
|
| 050 |
|
4 |
|a P126
|b .M427 2012
|
| 082 |
0 |
4 |
|a 410.1/8
|2 23
|
| 245 |
0 |
0 |
|a Methods in contemporary linguistics
|h [electronic resource] /
|c edited by Andrea Ender, Adrian Leemann, Bernhard Walchli.
|
| 260 |
|
|
|a Berlin ;
|a Boston :
|b De Gruyter Mouton,
|c 2012.
|
| 300 |
|
|
|a xiii, 536 p. :
|b ill., maps.
|
| 440 |
|
0 |
|a Trends in linguistics.
|p Studies and monographs,
|x 1861-4302 ;
|v 247
|
| 504 |
|
|
|a Includes bibliographical references and indexes.
|
| 505 |
0 |
|
|a pt. I. Core domains : from phonetics to pragmatics -- pt. II. Cross-linguistic and language internal diversity -- pt. III. Dynamic language -- pt. IV. Writing -- pt. V. Language, space and society.
|
| 533 |
|
|
|a Electronic reproduction. Ann Arbor, MI : ProQuest, 2015. Available via World Wide Web. Access may be limited to ProQuest affiliated libraries.
|
| 650 |
|
0 |
|a Linguistics
|x Methodology.
|
| 655 |
|
4 |
|a Electronic books.
|
| 700 |
1 |
|
|a Ender, Andrea.
|
| 700 |
1 |
|
|a Leemann, Adrian.
|
| 700 |
1 |
|
|a Walchli, Bernhard.
|
| 710 |
2 |
|
|a ProQuest (Firm)
|
| 856 |
4 |
0 |
|u https://ebookcentral.proquest.com/lib/matrademy/detail.action?docID=893581
|z Click to View
|